| 000 | 01121 a2200229 4500 | ||
|---|---|---|---|
| 001 | 56999 | ||
| 005 | 20260407155832.0 | ||
| 008 | 260407a2000 arg spa d | ||
| 003 | AR-UNSa-BCEJYS | ||
| 040 |
_aAR-UNSa-BCEJYS _bspa _cAR-UNSa-BCEJYS |
||
| 080 |
_a330.342.146 _xEconomía social de mercado. Economía del estado del bienestar |
||
| 245 | 1 | 0 | _aThe Microeconomics of market failures |
| 020 | _a0-262-19443-0 | ||
| 264 | 1 |
_aCambridge : _bThe MIT Press _c2000 |
|
| 300 |
_a224 p. _c24 cm. |
||
| 505 | _a1.Introduction – 2.The aggregation of preferences – 3.Cost-bebefifit analysis – 4.Implementation – 5.Public goods – 6.External Effects – 7.Nonconvexities – 8.General Equilibrium of imperfect competition – 9.Prices and quantities – 10.Product choice – 11.Long-term Entry and competition – 12.Vertical Relations – 13.Elements of the theory of Imcomplete Markets. | ||
| 041 | _aspa | ||
| 942 | _cBK | ||
| 590 | _aniveau_biblio:m niveau_hierar:0 | ||
| 100 | 1 | _aSalanié, Bernard | |
| 856 | 4 | 1 |
_uhttps://biblioeco.unsa.edu.ar/pmb/images/libros/L128639.jpg _yImagen de portada _qimage/jpeg |
| 999 |
_c6087 _d6087 |
||